000 00369nam a2200157Ia 4500
005 20241001134040.0
008 240806s9999||||xx |||||||||||||| ||eng||
041 _aeng
082 _a891.434009
_bSINH
100 _aSingh, Bachchan
245 0 _aHindi natak /
_cSingh, Bachchan
260 _bRadhakrishan Prakashan
300 _a214p.
650 _aHindi
942 _cBK
999 _c2784
_d2784